| 000 | 00354nam a2200145Ia 4500 | ||
|---|---|---|---|
| 005 | 20251222151316.0 | ||
| 008 | 251222s9999||||xx |||||||||||||| ||spa|| | ||
| 020 | _a9788484766438 | ||
| 082 | _a333.714 G62 | ||
| 100 | _aGómez Orea, Domingo | ||
| 245 | 0 | _aEvaluación de Impacto Ambiental | |
| 250 | _a3ra.ed. | ||
| 264 | _bMundi-Prensa | ||
| 942 | _cLIB | ||
| 999 |
_c23525 _d23525 |
||